00693nam a22001697a 450000500170000001000150001702000260003203500140005803700130007208200080008510000210009324501450011426000420025927001410030130000310044250000500047320190716145744.0 aENG-125951 a9789353435400c299.00 aEN-109483 bDBAD/PUB a530 aAgarwal, Hari.M. aPhysics oscillation, waves, optics and quantum mechanics :cby Hari.M.Agarwal [and] Rajeev.M.Agarwalbas per recommended syllabus of AICTE / aNoida bPearson India Educationc2019 a15th Floor, Tower-B, World Trade Tower, Plot No.I, Block-C, Sector 16bNoida, Uttar Pradesh e201301mcompanysecretary.india@pearson.com avarious paging.c23cm(pbk) aIncludes bibliographical references and index